Carrickfergus Trivia - Statistics

General Stats
  • This quiz has been taken 19 times
  • The average score is 12 of 26
Answer Stats
Hint Answer % Correct
Located in this county County Antrim
93%
Parliamentary constituency East Antrim
93%
Anglo-Norman knight who constructed the town's castle John de Courcy
71%
Located on this body of water Belfast Lough
64%
Titular folk song of the same name Carrickfergus
64%
NIFA Football team Carrick Rangers FC
64%
Meaning of name Rock of Fergus
64%
Peerage title; reinstated in 2011 when bestowed upon Prince William Baron Carrickfergus
57%
Located in this council area Mid and East Antrim
57%
Coal-fired power station located outside the town; due to be replaced soon Kilroot Power Station
50%
What this body used to be called Carrickfergus Bay
43%
Earl of Ulster who redesigned the castle and constructed St Nicholas' Church Hugh de Lacy
43%
Their home ground; largest stadium Taylors Avenue
43%
Population 27,998
36%
Cottage which was the ancestral home of US President Andrew Jackson Boneybefore
36%
A massive complex of this lies to the east of the town, extending over 25 km underground Salt mines
36%
The streets and roads are mostly laid in this pattern Grid
29%
United Irishman captured in the town in 1798 Henry Joy McCracken
29%
Anglo-Irish satirical writer and essayist who lived outside the town; best known for writing Gulliver's Travels Jonathan Swift
29%
Poet who wrote the titular poem 'Carrickfergus' Louis MacNeice
29%
Railway which served the town prior to nationalisation Northern Counties Committee(LMS)
29%
What used to be located within the town Prison
29%
The town was the location of Ireland's last what in 1711? Witchcraft trial
29%
Actress who moved to Australia; best known for her role in Neighbours Jackie Woodbourne
21%
Victorian ghost story writer Charlotte Riddell
14%
French naval captain who captured and held town during Seven Years War Francois Thurot
14%
No matching quizzes found
Score Distribution
Percent of People with Each Score
Percentile by Number Answered
Your Score History
You have not taken this quiz